Ready for IELTS : Coursebook with key
Ready for IELTS is a comprehensive course which offers thorough preparation for the IELTS Academic exam. All four parts of the exam are systematically developed and practiced in each unit, while in-depth exam training is given in the form of regular help boxes. This step-by-step approach ensures tha...
Đã lưu trong:
| 主要作者: | |
|---|---|
| 格式: | 圖書 |
| 語言: | Undetermined |
| 出版: |
Oxford
Macmillan
2010
|
| 主題: | |
| 標簽: |
添加標簽
沒有標簽, 成為第一個標記此記錄!
|
| Thư viện lưu trữ: | Trung tâm Học liệu Trường Đại học Cần Thơ |
|---|
| LEADER | 01002nam a2200229Ia 4500 | ||
|---|---|---|---|
| 001 | CTU_189419 | ||
| 008 | 210402s9999 xx 000 0 und d | ||
| 020 | |c 219000 | ||
| 082 | |a 428.34 | ||
| 082 | |b M123 | ||
| 100 | |a McCarter, Sam | ||
| 245 | 0 | |a Ready for IELTS : | |
| 245 | 0 | |b Coursebook with key | |
| 245 | 0 | |c Sam McCarter | |
| 260 | |a Oxford | ||
| 260 | |b Macmillan | ||
| 260 | |c 2010 | ||
| 520 | |a Ready for IELTS is a comprehensive course which offers thorough preparation for the IELTS Academic exam. All four parts of the exam are systematically developed and practiced in each unit, while in-depth exam training is given in the form of regular help boxes. This step-by-step approach ensures that students will be fully prepared and confident when taking the IELTS Academic exam. | ||
| 650 | |a English language,Tiếng Anh | ||
| 650 | |x Examinations, questions, etc.,Kỳ thi, câu hỏi | ||
| 910 | |a Thoại Linh,Hải | ||
| 980 | |a Trung tâm Học liệu Trường Đại học Cần Thơ | ||